Регионална библиотека "Любен Каравелов" - Русе

Мъртви гласове (Запис номер 399611)

MARC детайли
000 -Лидер
Контролно поле с фиксирана дължина 01164nam a2200277 a 4500
003 - Код на организацията, давaща контролен номер
Контролно поле BLK
005 - Дата и час на последна редакция
Контролно поле 20240713105436.0
008 - Елементи от данни с фиксирана дължина
fixed length control field 210302b bu |||||r|||| 00| 0 bu d
020 ## - Международен стандартен номер на книга ISBN
Международен стандартен номер на книга ISBN 978-619-171-103-1
040 ## - Източник на каталожния запис
Идентификатор на билиотеката - собственик на записа BLK
041 ## - Код за език
Код за езика на текст/звукозапис или на отделно заглавие Български
Код за езика КДБФ Български
080 ## - УДК
Текстов определител УДК Американска литература (на САЩ)
УДК код - определител по УДК 821.111(73)
УДК определител -312.9
УДК - код + определител 821.111(73)-312.9
100 ## - Редна дума - Автор
R(LIN) 350684
Автор Арден, Катрин
Авторска отговорност първи автор
139 ## - Редно поле
Редна дума Арден, Катрин
Авторски знак Арг - А 82
240 ## - Унифицирано заглавие
Унифицирано заглавие Dead voices
245 ## - Сведения за заглавието
Заглавие Мъртви гласове
Редно поле (дума) Катрин Арден ; прев. от англ. Диляна Георгиева
260 ## - Област на издателските данни
9 (RLIN) 218251
Място на издаване, разпространение и проч. София
Име на издателя, разпространителя и проч. Orange Books
Година на издаване 2020
Печатница ([Пловдив] : Жанет 45)
300 ## - Физическа характеристика
Страници 239 с.
Размери/Мащаб 20 см
380 ## - Жанр
Жанр Детска худож. лит.
500 ## - Общи забележки
Забележка Ориг. загл.: Dead voices / Katherine Arden<br/>Кн. е продълж. на Скришни места
700 ## - Други автори (авторска отговорност)
9 (RLIN) 1021
Лично име Георгиева, Диляна Георгиева
Автороска отговорност (Описва отношението между автора и произведението) прев. от англ.
852 ## - Местоположение
Форматна сигнатура Цб 306444
Фондова буква Хранилище
999 ## - СИСТЕМНИ КОНТРОЛНИ НОМЕРА
Koha biblionumber 399611
Koha biblioitemnumber 399611
942 ## - АРТИКУЛИ
Вид на библиотечния материал Книги
Скрит в OPAC Не
Периодичен библиозапис Да
Koha issues (borrowed), all copies 14
944 ## - СЪЗДАВАНЕ И РЕДАКЦИЯ на ЗАПИСА
Създаване/Редакция Създаване
Дата на регистрацията/редакция 2021-03-02
Служител, извършил регистрацията/редакцията 30575
Статус, дата на статуса Мартин Енчев
999 ## - СИСТЕМНИ КОНТРОЛНИ НОМЕРА
Koha biblioitemnumber 399611
Наличности
Код за отписване Код за изгубен артикул Източник на класификационната схема Код за повреда Коз за рестрикции Код за отдаване Артикулен № Име на библиотеката - собственик Име на библиотеката, в която се намира в момента Статус (Текущо местоположение) Дата на вписване в системата Местоположение - отдел Цена в лева Систематично азбучна сигнатура Баркод Цена в евро Служебен тип на артикула
  Не е изгубен Universal Decimal Classification Не е повреден само за читалня ползва се в читалня 814254 Регионална библиотека "Любен Каравелов" Русе Регионална библиотека "Любен Каравелов" Русе Хранилище 2021-03-04 Хранилище 14.90 Цб 306444 120000851657 7.62 Книги
  Не е изгубен Universal Decimal Classification Не е повреден без рестрикции заемане за дома 863019 Регионална библиотека "Любен Каравелов" Русе Регионална библиотека "Любен Каравелов" Русе Заемна - подръчен фонд 2021-11-19 Заемна - подръчен фонд 11.18 821-31/А 82 К 120000862867 5.72 Книги
  Не е изгубен Universal Decimal Classification Не е повреден без рестрикции заемане за дома 863020 Регионална библиотека "Любен Каравелов" Русе Регионална библиотека "Любен Каравелов" Русе Заемна - подръчен фонд 2021-11-19 Заемна - подръчен фонд 11.18 821-31/А 82 К 120000862866 5.72 Книги
Vip Innovations Ltd, Rousse, Bulgaria 2025